000 00623nam a2200205 u 4500
005 20240215063649.0
008 070903s1997 r 000 0 eng d
020 _a9681651278
035 _aUPN01000151624
049 _aCG
050 4 _aBD165
_bD5.2
100 1 _aDíaz, José Luis
245 1 3 _aEl ábaco, la lira y la rosa :
_blas regiones del conocimiento /
_cJosé Luis Díaz.
260 _aMéxico :
_bSEP :
_bFCE,
_cc1997.
440 0 _aLa ciencia para todos ;
_v152
650 4 _aTeoría del conocimiento
_91707
650 4 _aARTE -
_xFILOSOFIA
_92481
650 2 _aLiteratura
_xFilosofía
_98046
905 _aLibro
999 _c123760
_d123760